Literárna tvorba a kritika

Bibliographic Details
Main Authors: Kasáč, Zdenko, 1924-2017 (Author), Tomčík, Miloš, 1922-2009 (Author)
Format: Article
Language:Slovak
Subjects:

MARC

LEADER 00000nab a2200000 a 4500
001 vtls000306722
003 SK-MaSNL
005 20260304181057.0
008 111201c1988 xo 0 slo
015 |a SNBRB19rr/mm-uuuuu 
035 |a CL0316841 
040 |a SNKBUCL  |b slo  |c SNKBUCL  |e AACR2 
041 0 |a slo 
044 |a xo  |c SK 
080 |a 82.0  |2 1981 
100 1 |a Kasáč, Zdenko,  |d 1924-2017  |4 aut  |9 103553 
245 1 0 |a Literárna tvorba a kritika  |c Zdenko Kasáč 
650 0 7 |a slovenská literatúra  |2 snkbucl  |9 1115 
650 0 7 |a literárna kritika  |2 snkbucl  |9 1138 
655 7 |a články z novín a časopisov  |2 snkbucl  |9 267496 
655 7 |a články z odboru literárna veda a krásna literatúra  |2 snkbucl  |9 770045 
700 1 |a Tomčík, Miloš,  |d 1922-2009  |4 aut  |9 131365 
773 0 |t Pravda  |g Roč. 69, č. 65 (18. 3. 1988), s. 5 
787 0 8 |i Rec.:  |a Tomčík, Miloš  |t Tvorba a kritika v súčasnej literatúre  |d Bratislava : Tatran, 1987 
850 |a Slovenská národná knižnica v Martine  |a MTA001 
852 |a SNK  |b KIS3GCP 
958 |a RK 
958 |a LX 
992 |a RBX 
999 |c 3021721  |d 3023651